000 00314nam a22001337a 4500
008 170802b xxu||||| |||| 00| 0 eng d
020 _a9780133639810
041 _aeng
080 _a004
100 _a32
101 _aSHKI
245 _aLEARNING COMPUTERS & TECHNOLOGY FOR SCIENCE
_cBUCKI, L.A
942 _2udc
_cBK
999 _c22565
_d22565